|
|
|
|
| LEADER |
00000nam0a2200000 4500 |
| 001 |
279601 |
| 005 |
20231101235226.0 |
| 035 |
|
|
|a (RuTPU)RU\TPU\book\302897
|
| 090 |
|
|
|a 279601
|
| 100 |
|
|
|a 20141222d1986 k y0rusy50 ca
|
| 101 |
0 |
|
|a rus
|
| 102 |
|
|
|a RU
|
| 105 |
|
|
|a a z 001zy
|
| 200 |
1 |
|
|a Лазерное зондирование индустриальных аэрозолей
|f В. Е. Зуев [и др.]
|g Академия наук СССР (АН СССР), Сибирское отделение (СО), Институт оптики атмосферы (ИОА) ; под ред. М. В. Кабанова
|
| 210 |
|
|
|a Новосибирск
|c Наука
|d 1986
|
| 215 |
|
|
|a 189 с.
|c ил.
|
| 320 |
|
|
|a Библиогр.: с. 173-186
|
| 606 |
1 |
|
|a Аэрозоли в атмосфере
|2 stltpush
|3 (RuTPU)RU\TPU\subj\29914
|9 53137
|
| 610 |
1 |
|
|a лазерное зондирование
|
| 610 |
1 |
|
|a аэрозольные загрязнения
|
| 610 |
1 |
|
|a аппаратура
|
| 610 |
1 |
|
|a исследование
|
| 610 |
1 |
|
|a лидары
|
| 610 |
1 |
|
|a применение
|
| 675 |
|
|
|a 551.574
|v 4
|
| 700 |
|
1 |
|a Зуев
|b В. Е.
|g Владимир Евсеевич
|
| 701 |
|
1 |
|a Кауль
|b Б. В.
|g Бруно Валентинович
|
| 701 |
|
1 |
|a Самохвалов
|b И. В.
|g Игнатий Викторович
|
| 701 |
|
1 |
|a Кирков
|b К. И.
|
| 702 |
|
1 |
|a Кабанов
|b М. В.
|4 340
|
| 712 |
0 |
2 |
|a Академия наук СССР (АН СССР)
|b Сибирское отделение (СО)
|b Институт оптики атмосферы (ИОА)
|c (Томск)
|2 stltpush
|3 (RuTPU)RU\TPU\col\11569
|
| 801 |
|
1 |
|a RU
|b 63413507
|c 20141222
|
| 801 |
|
2 |
|a RU
|b 63413507
|c 20170419
|g RCR
|
| 942 |
|
|
|c BK
|